000 00692nam a2200265Ia 4500
003 OSt
005 20220918182357.0
006 a|||||r|||| 00| 0
007 ta
008 220917b |||||||| |||| 00| 0 eng d
024 _a32,182
037 _cTextual
040 _aARTS
_cARTS
_beng
041 _2eng
_aeng
082 _aO-,1L95,1:g, L1
100 _aFraser G S ed
245 0 _aJohn Keats
_b odes
260 _aLondon
_bMacmillan
_c1971
300 _a249p.
_ccm.
490 _aCasebook series , ed by A E Dyson
500 _aBib 235-41p
650 _aENGLISH LITERATURE
942 _hO-,1L95,1:g, L1
_cTEXL
_2CC
999 _c168755
_d168755